[Event "Mauricie op"]
[Site "Trois-Rivieres CAN"]
[Date "2001.03.16"]
[Round "1"]
[White "Marcone, Malcom"]
[Black "Bolduc, Steve"]
[Result "1/2-1/2"]
[WhiteElo "1972"]
[BlackElo "2200"]
[PlyCount "48"]
[GameId "2160767911565143"]
[EventDate "2001.03.16"]
[EventType "swiss"]
[EventRounds "5"]
[EventCountry "CAN"]

1. Nf3 f5 2. g3 Nf6 3. Bg2 e6 4. O-O Be7 5. c4 O-O 6. Nc3 d6 7. b4 e5 8. d4 e4 9. Ng5 h6 10. Nh3 d5 11. Nxd5 Nxd5 12. cxd5 Qxd5 13. f3 Bf6 14. e3 exf3 15. Bxf3 Qc4 16. Nf4 c6 17. a4 Be6 18. Be2 Qb3 19. Qd2 Bd7 20. Ra3 Qf7 21. Qc2 Qe8 22. Bh5 Qe4 23. Qb3+ Kh7 24. Bg6+ Kh8 1/2-1/2

[Event "Mauricie op"]
[Site "Trois-Rivieres CAN"]
[Date "2001.03.16"]
[Round "1"]
[White "Masse, Hugues"]
[Black "Bachand-Fleurent, Julien"]
[Result "0-1"]
[WhiteElo "2194"]
[BlackElo "1960"]
[PlyCount "80"]
[GameId "2160767911565144"]
[EventDate "2001.03.16"]
[EventType "swiss"]
[EventRounds "5"]
[EventCountry "CAN"]
[SourceTitle "EXT 2003"]
[Source "ChessBase"]
[SourceDate "2002.11.25"]
[SourceVersion "1"]
[SourceVersionDate "2002.11.25"]
[SourceQuality "1"]

1. e4 e6 2. d4 d5 3. e5 c5 4. c3 Nc6 5. Nf3 f6 6. Be2 Bd7 7. O-O fxe5 8. Nxe5 Nxe5 9. dxe5 Qc7 10. Bf4 Ne7 11. Re1 O-O-O 12. Bg4 h6 13. Qe2 Qb6 14. b3 g5 15. Bg3 Be8 16. f3 h5 17. Bh3 Ng6 18. Nd2 h4 19. Bf2 Nf4 20. Qd1 Bg6 21. Kh1 Nd3 22. Re2 Bg7 23. Be3 Bxe5 24. Bxg5 Rde8 25. Nb1 Bf4 26. Bxf4 Nxf4 27. Re5 Nxh3 28. gxh3 Bf5 29. Qe2 Bxh3 30. Nd2 Rhg8 31. c4 Bg2+ 32. Qxg2 Rxg2 33. Kxg2 Qb4 34. Rd1 Qc3 35. Re2 Qd3 36. Rde1 Rg8+ 37. Kh1 h3 38. cxd5 Rg2 39. Rxe6 Qxd2 40. Re8+ Kc7 0-1

[Event "Mauricie op"]
[Site "Trois-Rivieres CAN"]
[Date "2001.03.16"]
[Round "1"]
[White "Mikanovic, Goran"]
[Black "Bannon, Eric"]
[Result "1-0"]
[WhiteElo "2361"]
[BlackElo "2040"]
[PlyCount "83"]
[GameId "2160767911565145"]
[EventDate "2001.03.16"]
[EventType "swiss"]
[EventRounds "5"]
[EventCountry "CAN"]

1. d4 Nf6 2. c4 g6 3. Nc3 Bg7 4. e4 d6 5. Nf3 O-O 6. Be2 e5 7. O-O Nc6 8. d5 Ne7 9. b4 Nh5 10. Re1 Nf4 11. Bf1 a5 12. bxa5 Rxa5 13. a4 c5 14. Nd2 h6 15. Nb5 g5 16. Ra3 f5 17. g3 Nfg6 18. exf5 Nxf5 19. Ne4 Ra6 20. Qh5 Nge7 21. Bd3 Bd7 22. Qd1 Be8 23. Bb2 Ng6 24. Qb1 Nd4 25. Bxd4 exd4 26. Nexd6 Ne5 27. Rxe5 Bxe5 28. Nxe8 Qxe8 29. Qd1 Raf6 30. Ra2 Qf7 31. Qe2 Re8 32. Qg4 Rf8 33. Qe2 Re8 34. Qg4 Rf8 35. f4 Bb8 36. Re2 Kh8 37. f5 Rg8 38. Re6 Rf8 39. Qe4 Qh5 40. Be2 Qh3 41. Bg4 Rxe6 42. dxe6 1-0

[Event "Mauricie op"]
[Site "Trois-Rivieres CAN"]
[Date "2001.03.16"]
[Round "1"]
[White "Paradis, Sylvain"]
[Black "Soudre, Nicolas"]
[Result "1/2-1/2"]
[WhiteElo "1945"]
[BlackElo "2165"]
[PlyCount "57"]
[GameId "2160767911565146"]
[EventDate "2001.03.16"]
[EventType "swiss"]
[EventRounds "5"]
[EventCountry "CAN"]
[SourceTitle "EXT 2003"]
[Source "ChessBase"]
[SourceDate "2002.11.25"]
[SourceVersion "1"]
[SourceVersionDate "2002.11.25"]
[SourceQuality "1"]

1. Nf3 e6 2. c4 Nf6 3. Nc3 d5 4. cxd5 exd5 5. d4 c6 6. e3 Bd6 7. Be2 Bf5 8. Ne5 Qe7 9. g4 Bc8 10. Nd3 Be6 11. h4 g6 12. g5 Ne4 13. Nxe4 dxe4 14. Ne5 h6 15. Rg1 hxg5 16. hxg5 Bxe5 17. dxe5 Nd7 18. Qd4 Rh4 19. Bd2 Rd8 20. Qxa7 Nxe5 21. Bc3 Nd3+ 22. Bxd3 exd3 23. Qa5 Bg4 24. Kd2 Rh2 25. Raf1 Rd5 26. Qa8+ Rd8 27. Qa5 Rd5 28. Qa8+ Rd8 29. Qa5 1/2-1/2

[Event "Mauricie op"]
[Site "Trois-Rivieres CAN"]
[Date "2001.03.16"]
[Round "1"]
[White "Robichaud, Louis"]
[Black "Trottier, Yves"]
[Result "1-0"]
[WhiteElo "2119"]
[BlackElo "1913"]
[PlyCount "27"]
[GameId "2160767911565147"]
[EventDate "2001.03.16"]
[EventType "swiss"]
[EventRounds "5"]
[EventCountry "CAN"]

1. e4 e5 2. Nf3 Nf6 3. Nxe5 d6 4. Nf3 Nxe4 5. d4 d5 6. Bd3 Nc6 7. O-O Be7 8. c4 Be6 9. cxd5 Bxd5 10. Nc3 Nxc3 11. bxc3 Bxf3 12. Qxf3 O-O 13. Rb1 Na5 14. Qf5 1-0

[Event "Mauricie op"]
[Site "Trois-Rivieres CAN"]
[Date "2001.03.17"]
[Round "2"]
[White "Auger, Bertrand"]
[Black "Belanger, Jacques"]
[Result "1/2-1/2"]
[WhiteElo "1989"]
[BlackElo "2044"]
[PlyCount "53"]
[GameId "2160767911565151"]
[EventDate "2001.03.16"]
[EventType "swiss"]
[EventRounds "5"]
[EventCountry "CAN"]

1. Nf3 Nf6 2. g3 g6 3. b4 Bg7 4. Bb2 O-O 5. Bg2 c6 6. O-O a5 7. a3 axb4 8. axb4 Rxa1 9. Bxa1 Qb6 10. c3 d5 11. d3 Bg4 12. Nbd2 Nbd7 13. Qa4 e5 14. h3 Bxf3 15. Bxf3 Re8 16. e4 Qc7 17. c4 d4 18. c5 b6 19. cxb6 Nxb6 20. Qb3 Ra8 21. Bb2 Bf8 22. Ra1 Rxa1+ 23. Bxa1 Qa7 24. Bb2 Qa4 25. Ba3 h5 26. Bd1 Qxb3 27. Bxb3 1/2-1/2

[Event "Mauricie op"]
[Site "Trois-Rivieres CAN"]
[Date "2001.03.17"]
[Round "2"]
[White "Auger, Bertrand"]
[Black "Masse, Hugues"]
[Result "0-1"]
[WhiteElo "1989"]
[BlackElo "2194"]
[PlyCount "98"]
[GameId "2160767911565152"]
[EventDate "2001.03.16"]
[EventType "swiss"]
[EventRounds "5"]
[EventCountry "CAN"]
[SourceTitle "EXT 2003"]
[Source "ChessBase"]
[SourceDate "2002.11.25"]
[SourceVersion "1"]
[SourceVersionDate "2002.11.25"]
[SourceQuality "1"]

1. Nf3 Nf6 2. g3 g6 3. b4 Bg7 4. Bb2 O-O 5. Bg2 c6 6. O-O a5 7. a3 axb4 8. axb4 Rxa1 9. Bxa1 Qb6 10. c3 d5 11. d3 Na6 12. Nbd2 Nc7 13. Qb3 Bg4 14. c4 Bxf3 15. Nxf3 dxc4 16. dxc4 Ne6 17. Qa4 Rd8 18. Be5 Rd7 19. Bh3 h6 20. c5 Qd8 21. Qa1 Rd5 22. Bxe6 fxe6 23. e3 Ne8 24. Bxg7 Nxg7 25. e4 Rd3 26. Ne5 Rd4 27. Nxg6 Rxb4 28. Qe5 Kf7 29. Nf4 Qd4 30. Qxd4 Rxd4 31. f3 e5 32. Ne2 Rd2 33. Nc1 Ne6 34. Nb3 Rb2 35. Na5 Rb5 36. Ra1 Nxc5 37. Kf2 Nb3 38. Nxb3 Rxb3 39. f4 exf4 40. gxf4 c5 41. Ra5 b6 42. Ra8 Rb2+ 43. Kg3 c4 44. Rc8 b5 45. Rc6 Rb3+ 46. Kf2 c3 47. Ke2 b4 48. Kd1 Rb1+ 49. Kc2 Rb2+ 0-1

[Event "Mauricie op"]
[Site "Trois-Rivieres CAN"]
[Date "2001.03.17"]
[Round "2"]
[White "Bolduc, Steve"]
[Black "Paradis, Sylvain"]
[Result "1-0"]
[WhiteElo "2200"]
[BlackElo "1945"]
[PlyCount "61"]
[GameId "2160767911565153"]
[EventDate "2001.03.16"]
[EventType "swiss"]
[EventRounds "5"]
[EventCountry "CAN"]

1. d4 d5 2. c4 c6 3. Nf3 Nf6 4. Nc3 Bf5 5. cxd5 cxd5 6. Qb3 Bc8 7. Bf4 a6 8. e3 e6 9. Bd3 Bd6 10. Bg5 Nbd7 11. O-O h6 12. Bh4 g5 13. Bg3 Bxg3 14. hxg3 g4 15. Ne5 Rb8 16. e4 Nxe5 17. dxe5 Nxe4 18. Bxe4 dxe4 19. Nxe4 h5 20. Rfd1 Qe7 21. Nf6+ Kf8 22. Rd6 b5 23. Rad1 Bb7 24. Qe3 Rc8 25. Rd7 Qxd7 26. Nxd7+ Ke8 27. Qg5 Bd5 28. Nf6+ Kf8 29. Nxd5 exd5 30. Rxd5 Rg8 31. Rd8+ 1-0

[Event "Mauricie op"]
[Site "Trois-Rivieres CAN"]
[Date "2001.03.17"]
[Round "2"]
[White "Boulay, David"]
[Black "Ouellet-Leveille, Clement"]
[Result "1-0"]
[WhiteElo "2103"]
[BlackElo "1889"]
[PlyCount "91"]
[GameId "2160767911565154"]
[EventDate "2001.03.16"]
[EventType "swiss"]
[EventRounds "5"]
[EventCountry "CAN"]
[SourceTitle "EXT 2003"]
[Source "ChessBase"]
[SourceDate "2002.11.25"]
[SourceVersion "1"]
[SourceVersionDate "2002.11.25"]
[SourceQuality "1"]

1. e4 e5 2. Nf3 Nf6 3. Nc3 Bb4 4. Bc4 d6 5. d3 c6 6. O-O a5 7. a4 Bxc3 8. bxc3 Be6 9. Bb3 Bxb3 10. cxb3 O-O 11. Re1 c5 12. Bg5 Qe7 13. Nh4 Nc6 14. Qf3 Qe6 15. Bxf6 Qxf6 16. Qxf6 gxf6 17. Re3 Rae8 18. Rd1 Kh8 19. Nf5 Re6 20. f3 Ne7 21. Nxe7 Rxe7 22. d4 cxd4 23. cxd4 Rc7 24. dxe5 dxe5 25. Rd5 Rc1+ 26. Kf2 Rg8 27. Re2 Rc3 28. Rb2 Rc6 29. Rxa5 Rd8 30. Ra7 Rd7 31. b4 Ra6 32. Rxa6 bxa6 33. b5 axb5 34. axb5 Rb7 35. b6 Kg7 36. Ke3 Kf8 37. Kd3 Ke7 38. Kc4 Kd7 39. Kc5 Kc8 40. Kc6 Re7 41. b7+ Kb8 42. Kd6 Re6+ 43. Kd7 f5 44. exf5 Rf6 45. g4 h5 46. Ke7 1-0

[Event "Mauricie op"]
[Site "Trois-Rivieres CAN"]
[Date "2001.03.17"]
[Round "2"]
[White "Hua, Lefong"]
[Black "Robichaud, Louis"]
[Result "1-0"]
[WhiteElo "2309"]
[BlackElo "2119"]
[PlyCount "59"]
[GameId "2160767911565155"]
[EventDate "2001.03.16"]
[EventType "swiss"]
[EventRounds "5"]
[EventCountry "CAN"]

1. d4 Nf6 2. c4 g6 3. Nc3 Bg7 4. e4 d6 5. f4 O-O 6. Nf3 c5 7. d5 e6 8. Be2 exd5 9. cxd5 b5 10. e5 dxe5 11. fxe5 Ng4 12. Bg5 Qb6 13. O-O c4+ 14. Kh1 Nxe5 15. Nxe5 Bxe5 16. Be7 Re8 17. d6 Bb7 18. Nd5 Qd4 19. Qxd4 Bxd4 20. Nc7 Nd7 21. Nxb5 Bb6 22. Bxc4 Ne5 23. Bb3 Rxe7 24. dxe7 Re8 25. Rae1 Rxe7 26. Nd6 Bd4 27. Nxf7 Kg7 28. Nxe5 Bxe5 29. h3 Ba6 30. Rf3 1-0

[Event "Mauricie op"]
[Site "Trois-Rivieres CAN"]
[Date "2001.03.17"]
[Round "2"]
[White "Leriche, Felix"]
[Black "Deschamps, Martin"]
[Result "1-0"]
[WhiteElo "2189"]
[BlackElo "1917"]
[PlyCount "89"]
[GameId "2160767911565156"]
[EventDate "2001.03.16"]
[EventType "swiss"]
[EventRounds "5"]
[EventCountry "CAN"]
[SourceTitle "EXT 2003"]
[Source "ChessBase"]
[SourceDate "2002.11.25"]
[SourceVersion "1"]
[SourceVersionDate "2002.11.25"]
[SourceQuality "1"]

1. e4 Nf6 2. e5 Nd5 3. d4 d6 4. c4 Nb6 5. f4 dxe5 6. fxe5 Nc6 7. Be3 Bf5 8. Nc3 e6 9. Nf3 Be7 10. d5 Nb4 11. Nd4 Qd7 12. Nxf5 exf5 13. a3 Na6 14. b4 Rd8 15. Be2 O-O 16. O-O Rfe8 17. Qb3 c5 18. b5 Nb8 19. Bd3 g6 20. Rae1 Bf8 21. Bg5 Rc8 22. Re2 Bg7 23. Rfe1 h6 24. Bh4 g5 25. Bf2 f4 26. Qc2 Qd8 27. Bf5 Nxc4 28. Bxc8 Qxc8 29. Ne4 Nxe5 30. Nd6 Qg4 31. h3 Nf3+ 32. Kh1 Rxe2 33. Qxe2 Qd7 34. Qxf3 Qxd6 35. Re8+ Bf8 36. Bxc5 Qxc5 37. Rxb8 Qc1+ 38. Kh2 Kg7 39. Qe4 Qxa3 40. Qe5+ Kg8 41. d6 Qg3+ 42. Kg1 f6 43. Qe7 Qe3+ 44. Qxe3 fxe3 45. d7 1-0

[Event "Mauricie op"]
[Site "Trois-Rivieres CAN"]
[Date "2001.03.17"]
[Round "2"]
[White "Soudre, Nicolas"]
[Black "Miron, Francois"]
[Result "1-0"]
[WhiteElo "2165"]
[BlackElo "1922"]
[PlyCount "75"]
[GameId "2160767911565158"]
[EventDate "2001.03.16"]
[EventType "swiss"]
[EventRounds "5"]
[EventCountry "CAN"]
[SourceTitle "EXT 2003"]
[Source "ChessBase"]
[SourceDate "2002.11.25"]
[SourceVersion "1"]
[SourceVersionDate "2002.11.25"]
[SourceQuality "1"]

1. e4 c5 2. Nc3 Nc6 3. f4 g6 4. Nf3 Bg7 5. Bb5 Nd4 6. Bd3 d6 7. Nxd4 cxd4 8. Ne2 e5 9. c3 dxc3 10. bxc3 Ne7 11. Bc2 O-O 12. d3 f5 13. O-O Be6 14. Be3 d5 15. fxe5 fxe4 16. Nf4 Nf5 17. Bc5 Re8 18. dxe4 dxe4 19. Qxd8 Raxd8 20. Nxe6 Rxe6 21. Bb3 Rde8 22. Rae1 Kh8 23. Bxe6 Rxe6 24. Rxe4 Rxe5 25. Rxe5 Bxe5 26. Bxa7 Bxc3 27. Rb1 Nd6 28. Bc5 Ne4 29. Be3 Nd6 30. Rd1 Nf5 31. Ba7 b5 32. g4 Nh4 33. Kf2 b4 34. Bd4+ Kg8 35. Bxc3 bxc3 36. Rc1 h5 37. Kg3 g5 38. Rxc3 1-0

[Event "Mauricie op"]
[Site "Trois-Rivieres CAN"]
[Date "2001.03.17"]
[Round "3"]
[White "Masse, Hugues"]
[Black "Forest, Charles"]
[Result "1-0"]
[WhiteElo "2194"]
[BlackElo "2036"]
[PlyCount "107"]
[GameId "2160767911565159"]
[EventDate "2001.03.16"]
[EventType "swiss"]
[EventRounds "5"]
[EventCountry "CAN"]
[SourceTitle "EXT 2003"]
[Source "ChessBase"]
[SourceDate "2002.11.25"]
[SourceVersion "1"]
[SourceVersionDate "2002.11.25"]
[SourceQuality "1"]

1. e4 c6 2. d4 d5 3. e5 Bf5 4. Nc3 e6 5. g4 Bg6 6. Nge2 c5 7. h4 h6 8. Be3 Nc6 9. f4 Be7 10. Bf2 f6 11. h5 Bf7 12. Bg2 cxd4 13. Nxd4 fxe5 14. Nxc6 bxc6 15. fxe5 Qc7 16. Qe2 Rb8 17. Rb1 Bb4 18. O-O Ne7 19. Nd1 O-O 20. c3 Ba5 21. Bg3 Nc8 22. Kh1 Qe7 23. Nf2 Bc7 24. Nh3 Nb6 25. Rf2 Na4 26. Qc2 Nc5 27. b4 Nd7 28. Qe2 a5 29. a3 Nb6 30. bxa5 Nc4 31. Rxb8 Rxb8 32. g5 hxg5 33. Qg4 Rb1+ 34. Kh2 Nxe5 35. Qe2 Nc4 36. Bf3 Rb2 37. Qe1 Bxg3+ 38. Kxg3 Rxf2 39. Qxf2 Qxa3 40. Nxg5 Qxc3 41. Nxf7 Kxf7 42. a6 Kg8 43. a7 Qa5 44. Bg4 Qc7+ 45. Qf4 Qxa7 46. Bxe6+ Kh8 47. Qf8+ Kh7 48. Bg8+ Kh8 49. Bxd5+ Kh7 50. Bg8+ Kh8 51. Bxc4+ Kh7 52. Bd3+ Kh6 53. Qf4+ g5 54. Qf6+ 1-0

[Event "Mauricie op"]
[Site "Trois-Rivieres CAN"]
[Date "2001.03.17"]
[Round "3"]
[White "Mikanovic, Goran"]
[Black "Bolduc, Steve"]
[Result "0-1"]
[WhiteElo "2361"]
[BlackElo "2200"]
[PlyCount "100"]
[GameId "2160767911565160"]
[EventDate "2001.03.16"]
[EventType "swiss"]
[EventRounds "5"]
[EventCountry "CAN"]

1. d4 d5 2. c4 e6 3. Nc3 Nf6 4. Bg5 Be7 5. e3 O-O 6. Nf3 h6 7. Bh4 b6 8. cxd5 exd5 9. Ne5 c6 10. Be2 Nfd7 11. Bxe7 Qxe7 12. Nd3 a5 13. O-O Na6 14. a3 Bb7 15. Bf3 Nc7 16. Rc1 Ne6 17. g3 Rfd8 18. Bg2 Rab8 19. b4 axb4 20. axb4 Nf6 21. Ra1 c5 22. bxc5 bxc5 23. dxc5 d4 24. Na4 Bxg2 25. Kxg2 dxe3 26. fxe3 Qb7+ 27. Kg1 Qe4 28. Ra3 Qxe3+ 29. Kg2 Ng5 30. Qc1 Ng4 31. Qxe3 Nxe3+ 32. Kf2 Nxf1 33. Kxf1 Ra8 34. c6 Ne6 35. Ndb2 Ra6 36. Rc3 Rc8 37. Rd3 Raxc6 38. Nd1 Rc1 39. Nb6 Rd8 40. Nd5 Kf8 41. Kg2 Nc7 42. N1e3 Nxd5 43. Nxd5 Rc5 44. Nf4 Rxd3 45. Nxd3 Rc2+ 46. Nf2 Ke7 47. Kf3 f5 48. h4 g5 49. hxg5 hxg5 50. g4 Rxf2+ 0-1

[Event "Mauricie op"]
[Site "Trois-Rivieres CAN"]
[Date "2001.03.17"]
[Round "3"]
[White "Moisan-Plante, Marc-Olivier"]
[Black "Auger, Bertrand"]
[Result "0-1"]
[WhiteElo "2168"]
[BlackElo "1989"]
[PlyCount "96"]
[GameId "2160767911565161"]
[EventDate "2001.03.16"]
[EventType "swiss"]
[EventRounds "5"]
[EventCountry "CAN"]

1. e4 e6 2. d4 d5 3. Nc3 dxe4 4. Nxe4 Bd7 5. Bd3 Bc6 6. Nf3 Nd7 7. O-O Ngf6 8. Neg5 Be7 9. Re1 O-O 10. Qe2 Bxf3 11. Qxf3 h6 12. Ne4 c6 13. Bf4 Nxe4 14. Qxe4 Nf6 15. Qe5 Re8 16. Rad1 Bf8 17. c3 Qd5 18. c4 Qd8 19. Bb1 g6 20. Qe3 Qa5 21. Bg3 Rad8 22. a3 Rd7 23. Qf3 Qd8 24. Be5 Bg7 25. Bc2 Nh5 26. Qb3 Bxe5 27. dxe5 Ree7 28. g3 Ng7 29. Kf1 c5 30. Qe3 b6 31. Qxh6 Nf5 32. Qg5 Rd4 33. g4 Rxd1 34. Rxd1 Nd4 35. Be4 Rd7 36. Qxd8+ Rxd8 37. Kg2 g5 38. Rf1 Ne2 39. Kf3 Rd2 40. b4 Nd4+ 41. Kg3 Re2 42. f3 Ra2 43. bxc5 Ne2+ 44. Kf2 Nf4+ 45. Ke1 Ng2+ 46. Kd1 Ne3+ 47. Kc1 Nxf1 48. c6 Rxa3 0-1

[Event "Mauricie op"]
[Site "Trois-Rivieres CAN"]
[Date "2001.03.17"]
[Round "3"]
[White "Robichaud, Louis"]
[Black "Bachand-Fleurent, Julien"]
[Result "1-0"]
[WhiteElo "2119"]
[BlackElo "1960"]
[PlyCount "81"]
[GameId "2160767911565162"]
[EventDate "2001.03.16"]
[EventType "swiss"]
[EventRounds "5"]
[EventCountry "CAN"]

1. e4 e6 2. d3 d5 3. Nd2 g6 4. Ngf3 Bg7 5. g3 b6 6. Bg2 Bb7 7. O-O dxe4 8. Nxe4 Ne7 9. Qe2 Nbc6 10. Bg5 O-O 11. Bf6 Qe8 12. c3 Nd5 13. Bxg7 Kxg7 14. Rfe1 Qe7 15. Rad1 Rad8 16. Ned2 Rfe8 17. Nc4 Nf6 18. Qc2 a6 19. d4 b5 20. Ncd2 Ba8 21. Nb3 Rd6 22. Ne5 Kg8 23. f4 Nd5 24. Nc5 Na5 25. Ne4 Rdd8 26. b3 f6 27. Nd3 Nb7 28. Nec5 Rd6 29. Re2 Nxc5 30. Nxc5 Qf7 31. Rde1 a5 32. a3 Nb6 33. Bxa8 Nxa8 34. Qd3 c6 35. a4 b4 36. cxb4 axb4 37. Qc4 Nb6 38. Qxb4 Nd5 39. Qc4 g5 40. fxg5 fxg5 41. Ne4 1-0

[Event "Mauricie op"]
[Site "Trois-Rivieres CAN"]
[Date "2001.03.18"]
[Round "4"]
[White "Bolduc, Steve"]
[Black "Soudre, Nicolas"]
[Result "1/2-1/2"]
[WhiteElo "2200"]
[BlackElo "2165"]
[PlyCount "29"]
[GameId "2160767911565164"]
[EventDate "2001.03.16"]
[EventType "swiss"]
[EventRounds "5"]
[EventCountry "CAN"]

1. d4 e6 2. Nf3 Nf6 3. Bg5 Be7 4. Nbd2 d5 5. e3 O-O 6. Bd3 Nbd7 7. O-O c6 8. Re1 b6 9. e4 dxe4 10. Nxe4 Nxe4 11. Bxe7 Qxe7 12. Bxe4 Bb7 13. Ne5 Nxe5 14. dxe5 c5 15. Qf3 1/2-1/2

[Event "Mauricie op"]
[Site "Trois-Rivieres CAN"]
[Date "2001.03.18"]
[Round "4"]
[White "Hua, Lefong"]
[Black "Boulay, David"]
[Result "1/2-1/2"]
[WhiteElo "2309"]
[BlackElo "2103"]
[PlyCount "45"]
[GameId "2160767911565166"]
[EventDate "2001.03.16"]
[EventType "swiss"]
[EventRounds "5"]
[EventCountry "CAN"]

1. c4 Nf6 2. Nc3 g6 3. g3 Bg7 4. Bg2 O-O 5. d3 e5 6. e4 d6 7. Nge2 a5 8. O-O Nc6 9. f4 Bg4 10. h3 Bxe2 11. Nxe2 Nd7 12. f5 Nd4 13. Nc3 c6 14. Be3 g5 15. Qc2 h6 16. Kh2 Bf6 17. g4 Kg7 18. Ne2 Nxe2 19. Qxe2 a4 20. Qc2 c5 21. b3 axb3 22. axb3 Qb6 23. Qc3 1/2-1/2

[Event "Mauricie op"]
[Site "Trois-Rivieres CAN"]
[Date "2001.03.18"]
[Round "4"]
[White "Morin, Louis"]
[Black "Gaulin, Gaetan"]
[Result "0-1"]
[WhiteElo "1863"]
[BlackElo "1968"]
[PlyCount "56"]
[GameId "2160767911565168"]
[EventDate "2001.03.16"]
[EventType "swiss"]
[EventRounds "5"]
[EventCountry "CAN"]
[SourceTitle "EXT 2003"]
[Source "ChessBase"]
[SourceDate "2002.11.25"]
[SourceVersion "1"]
[SourceVersionDate "2002.11.25"]
[SourceQuality "1"]

1. e4 c5 2. d4 cxd4 3. c3 dxc3 4. Nxc3 Nc6 5. Nf3 e6 6. Bc4 a6 7. O-O Nge7 8. Bg5 f6 9. Be3 Ng6 10. Qe2 Be7 11. Rfd1 Qa5 12. a3 b5 13. b4 Qc7 14. Bb3 Nxb4 15. Nxb5 axb5 16. axb4 Rxa1 17. Rxa1 Qc3 18. Rb1 Bb7 19. Qxb5 Bxe4 20. Bxe6 Bxb1 21. Qxd7+ Kf8 22. Bd2 Qc2 23. Be1 Nf4 24. b5 Nxe6 25. Qxe6 Ba2 26. Qa6 Kf7 27. b6 Qb1 28. Qa7 Bd5 0-1

[Event "Mauricie op"]
[Site "Trois-Rivieres CAN"]
[Date "2001.03.18"]
[Round "4"]
[White "Sicotte, Marc"]
[Black "Berthiaume, Yves"]
[Result "1-0"]
[WhiteElo "1469"]
[BlackElo "1495"]
[PlyCount "85"]
[GameId "2160767911565171"]
[EventDate "2001.03.16"]
[EventType "swiss"]
[EventRounds "5"]
[EventCountry "CAN"]
[SourceTitle "EXT 2003"]
[Source "ChessBase"]
[SourceDate "2002.11.25"]
[SourceVersion "1"]
[SourceVersionDate "2002.11.25"]
[SourceQuality "1"]

1. e4 e6 2. d4 d5 3. e5 c5 4. c3 Nc6 5. Nf3 Qb6 6. Bd3 cxd4 7. cxd4 Bd7 8. O-O Nxd4 9. Nxd4 Qxd4 10. Nc3 Qxe5 11. Re1 Qb8 12. Nxd5 Bd6 13. Qg4 Bxh2+ 14. Kh1 Be5 15. Bf4 Bxf4 16. Qxg7 Qd6 17. Qxh8 O-O-O 18. Nxf4 Qxf4 19. Qc3+ Kb8 20. Qe5+ Qxe5 21. Rxe5 Nf6 22. Be2 Bc6 23. Rd1 Rxd1+ 24. Bxd1 Ne4 25. Kg1 Nd6 26. f3 Nc4 27. Rh5 Nxb2 28. Bb3 Nd3 29. Rxh7 Nc5 30. Rxf7 Nxb3 31. axb3 Bd5 32. b4 Kc8 33. Kf2 Kd8 34. Ke3 Ke8 35. Rh7 Kf8 36. g4 Kg8 37. Rc7 Kf8 38. f4 Kg8 39. Kd4 Bf3 40. g5 a6 41. Ke5 Bd5 42. Kf6 Kh8 43. g6 1-0

[Event "Mauricie op"]
[Site "Trois-Rivieres CAN"]
[Date "2001.03.18"]
[Round "5"]
[White "Boulay, David"]
[Black "Luksza, Arkadiusz"]
[Result "0-1"]
[WhiteElo "2236"]
[BlackElo "2106"]
[PlyCount "80"]
[GameId "2160767911565172"]
[EventDate "2001.03.16"]
[EventType "swiss"]
[EventRounds "5"]
[EventCountry "CAN"]
[SourceTitle "EXT 2003"]
[Source "ChessBase"]
[SourceDate "2002.11.25"]
[SourceVersion "1"]
[SourceVersionDate "2002.11.25"]
[SourceQuality "1"]

1. e4 d6 2. d4 g6 3. c4 Bg7 4. Nc3 Nf6 5. Nf3 O-O 6. Be2 e5 7. O-O Nc6 8. d5 Ne7 9. b4 Nd7 10. a4 f5 11. Nd2 Nf6 12. f3 f4 13. c5 g5 14. Nc4 Ne8 15. Ba3 Rf6 16. Rf2 h5 17. Kh1 Kh7 18. Rc1 Ng8 19. Nb5 Nh6 20. Bf1 g4 21. Rfc2 Rg6 22. Qd2 Nf7 23. Na5 a6 24. Nc3 Qh4 25. Qf2 Qf6 26. Ne2 Bf8 27. Nc4 Bd7 28. Nb2 Ng5 29. c6 bxc6 30. dxc6 Be6 31. Nc3 Qg7 32. Rd2 gxf3 33. gxf3 Nxf3 34. Bxa6 Nxd2 35. Bb7 Rd8 36. Qxd2 Bh3 37. Qf2 Bg2+ 38. Kg1 Bxe4+ 39. Kf1 Bf5 40. a5 Bh3+ 0-1

[Event "Mauricie op"]
[Site "Trois-Rivieres CAN"]
[Date "2001.03.18"]
[Round "5"]
[White "Marcone, Malcom"]
[Black "Bannon, Eric"]
[Result "1-0"]
[WhiteElo "1972"]
[BlackElo "2040"]
[PlyCount "63"]
[GameId "2160767911565176"]
[EventDate "2001.03.16"]
[EventType "swiss"]
[EventRounds "5"]
[EventCountry "CAN"]
[SourceTitle "EXT 2003"]
[Source "ChessBase"]
[SourceDate "2002.11.25"]
[SourceVersion "1"]
[SourceVersionDate "2002.11.25"]
[SourceQuality "1"]

1. d4 Nf6 2. c4 g6 3. Nc3 Bg7 4. e4 d6 5. Nf3 O-O 6. Be2 e5 7. O-O Nc6 8. d5 Ne7 9. b4 Nh5 10. c5 Nf4 11. Bxf4 exf4 12. Rc1 h6 13. Nd2 g5 14. Nc4 a6 15. a4 Ng6 16. cxd6 cxd6 17. a5 Ne5 18. Nxe5 Bxe5 19. Na4 Qf6 20. Nb6 Rb8 21. Bg4 Bxg4 22. Qxg4 Qg6 23. Nd7 Qxe4 24. h4 Qg6 25. Nxb8 f5 26. h5 Qf7 27. Qe2 Rxb8 28. Qd3 Rf8 29. g4 Kh8 30. Qxf5 Qe7 31. Rc8 Rxc8 32. Qxc8+ 1-0

[Event "Mauricie op"]
[Site "Trois-Rivieres CAN"]
[Date "2001.03.18"]
[Round "5"]
[White "Masse, Hugues"]
[Black "Bolduc, Steve"]
[Result "1-0"]
[WhiteElo "2194"]
[BlackElo "2200"]
[PlyCount "109"]
[GameId "2160767911565177"]
[EventDate "2001.03.16"]
[EventType "swiss"]
[EventRounds "5"]
[EventCountry "CAN"]
[SourceTitle "hb 2011"]

1. e4 c6 2. d4 d5 3. e5 Bf5 4. Nc3 h5 5. Bd3 Bxd3 6. Qxd3 e6 7. Nge2 Nh6 8. Bxh6 Rxh6 9. f4 Qh4+ 10. g3 Qh3 11. O-O-O Nd7 12. Rdf1 g6 13. Nd1 h4 14. Qf3 Qf5 15. g4 Qe4 16. Qxe4 dxe4 17. g5 Rh8 18. Nf2 e3 19. Ng4 c5 20. Nxe3 cxd4 21. Nxd4 Bc5 22. Rd1 h3 23. c3 Rh4 24. Rhf1 Rc8 25. Rf3 Nxe5 26. Rff1 Nc6 27. Nec2 Nxd4 28. Nxd4 Ke7 29. Kb1 Bd6 30. Ne2 Rc4 31. b3 Re4 32. Rd2 Bxf4 33. Nxf4 Rhxf4 34. Rfd1 e5 35. c4 Rd4 36. Rxd4 Rxd4 37. Re1 Ke6 38. Re3 Rg4 39. Rxh3 Rxg5 40. b4 Rg2 41. c5 e4 42. a4 Kd5 43. Rh7 Rf2 44. Rh8 Kc4 45. Rb8 Kxb4 46. c6 e3 47. c7 e2 48. Re8 Rf1+ 49. Kc2 Rf2 50. Kd2 e1=Q+ 51. Kxe1 Rc2 52. c8=Q Rxc8 53. Rxc8 Kxa4 54. Rc7 b5 55. Rxa7+ 1-0